| 000 | 00533nam a2200145Ia 4500 | ||
|---|---|---|---|
| 008 | 231129s2007||||xx |||||||||||||| ||spa|| | ||
| 020 | _a978-958-9479-75-9 | ||
| 040 | _bspa | ||
| 082 | _a370.98661 A473e | ||
| 100 | _aílvarez Hoyos María Teresa | ||
| 245 | 0 | _aÉlites intelectuales en el Sur de Colombia Pasto 1904-1930: una generación decisiva | |
| 260 | _c2007 | ||
| 264 | _aRudecolombia : Universidad Pedagógica y Tecnológica de Colombia : Universidad de Nariño | ||
| 942 |
_2ddc _cBKS |
||
| 999 |
_c12786 _d12786 |
||